[Event "Belgrade Trophy 36th"]
[Site "Belgrade"]
[Date "2023.11.26"]
[Round "2"]
[White "Antic, Dejan"]
[Black "Zmijanac, Dusko"]
[Result "1-0"]
[WhiteElo "2362"]
[BlackElo "1938"]
[PlyCount "45"]
[EventDate "2023.11.25"]
[EventType "swiss"]
[EventRounds "9"]
[EventCountry "SRB"]
[SourceTitle "CB49_2023"]
[SourceDate "2023.12.06"]
[SourceVersion "1"]
[SourceVersionDate "2023.12.06"]
[SourceQuality "1"]

1. d4 d5 2. c4 c6 3. Nf3 Nf6 4. Nc3 a6 5. a4 g6 6. a5 Bg7 7. e3 0-0 8. Be2 Bg4 9. Qb3 Ra7 10. 0-0 e6 11. h3 Bxf3 12. Bxf3 Nbd7 13. Rd1 b5 14. axb6 Qxb6 15. Qxb6 Nxb6 16. c5 Nbd7 17. Be2 Rfa8 18. Bd2 Ne8 19. Na4 e5 20. Ba5 Rb8 21. Nb6 Kf8 22. Bxa6 Ke7 23. Nc8+ 1-0

[Event "Belgrade Trophy 36th"]
[Site "Belgrade"]
[Date "2023.11.25"]
[Round "1"]
[White "Basic, Nemanja"]
[Black "Antic, Dejan"]
[Result "0-1"]
[WhiteElo "1779"]
[BlackElo "2362"]
[PlyCount "52"]
[EventDate "2023.11.25"]
[EventType "swiss"]
[EventRounds "9"]
[EventCountry "SRB"]
[SourceTitle "CB49_2023"]
[SourceDate "2023.12.06"]
[SourceVersion "1"]
[SourceVersionDate "2023.12.06"]
[SourceQuality "1"]

1. d4 e6 2. c4 Bb4+ 3. Nc3 c5 4. d5 Bxc3+ 5. bxc3 Qa5 6. Qc2 Nf6 7. Bg5 Ne4 8. Bd2 f5 9. f3 Nxd2 10. Qxd2 0-0 11. e4 d6 12. Bd3 exd5 13. cxd5 Nd7 14. Ne2 Ne5 15. 0-0 Bd7 16. Rab1 b5 17. Rb2 fxe4 18. fxe4 Rxf1+ 19. Kxf1 Rf8+ 20. Kg1 Qb6 21. c4 Qd8 22. cxb5 Qf6 23. Rb1 Qf2+ 24. Kh1 Bg4 25. h3 Bxh3 26. gxh3 Nf3 0-1

[Event "SRB-chT Premier"]
[Site "Bajina Basta"]
[Date "2023.09.27"]
[Round "10.4"]
[White "Antic, Dejan"]
[Black "Brenjo, Slavisa"]
[Result "1-0"]
[WhiteElo "2368"]
[BlackElo "2388"]
[PlyCount "73"]
[EventDate "2023.09.18"]
[EventType "team-tourn"]
[EventRounds "11"]
[EventCountry "SRB"]
[SourceTitle "EXT 2024"]
[Source "ChessBase"]
[SourceDate "2023.10.10"]
[SourceVersion "1"]
[SourceVersionDate "2023.10.10"]
[SourceQuality "1"]
[WhiteTeam "Belgrade Crvena Zvezda"]
[BlackTeam "Novi Sad SK"]
[WhiteTeamCountry "SRB"]
[BlackTeamCountry "SRB"]

1. d4 Nf6 2. c4 g6 3. Nc3 Bg7 4. e4 d6 5. Nf3 0-0 6. Be2 e5 7. 0-0 exd4 8. Nxd4 Re8 9. f3 c6 10. Kh1 Nbd7 11. Bg5 Qb6 12. Nb3 a5 13. Qc1 a4 14. Be3 Qd8 15. Nd4 a3 16. b4 Ne5 17. Qd2 d5 18. exd5 cxd5 19. c5 Nc4 20. Bxc4 dxc4 21. Rad1 Nd5 22. Ndb5 Nxc3 23. Qxd8 Bf5 24. Qb6 Nxd1 25. Bd4 Ne3 26. Rc1 Ra6 27. Qxb7 Bc8 28. Qc7 Nd5 29. Qg3 Bxd4 30. Nxd4 Nxb4 31. h4 Nxa2 32. Rxc4 h5 33. c6 Nb4 34. Rxb4 a2 35. Nb3 Rxc6 36. Ra4 Be6 37. Qe5 1-0

[Event "SRB-chT Premier"]
[Site "Bajina Basta"]
[Date "2023.09.22"]
[Round "5.6"]
[White "Antic, Dejan"]
[Black "Ivanisevic, Ivan"]
[Result "0-1"]
[WhiteElo "2368"]
[BlackElo "2541"]
[PlyCount "82"]
[EventDate "2023.09.18"]
[EventType "team-tourn"]
[EventRounds "11"]
[EventCountry "SRB"]
[SourceTitle "EXT 2024"]
[Source "ChessBase"]
[SourceDate "2023.10.10"]
[SourceVersion "1"]
[SourceVersionDate "2023.10.10"]
[SourceQuality "1"]
[WhiteTeam "Belgrade Crvena Zvezda"]
[BlackTeam "Ruma Sloven"]
[WhiteTeamCountry "SRB"]
[BlackTeamCountry "SRB"]

1. d4 Nf6 2. c4 d6 3. Nf3 Nc6 4. Nc3 e5 5. d5 Ne7 6. e4 Ng6 7. h3 Be7 8. Bd3 Bd7 9. Be3 c6 10. 0-0 0-0 11. b4 cxd5 12. cxd5 Nh5 13. Ne2 Nh4 14. Nxh4 Bxh4 15. Qd2 h6 16. g4 Nf6 17. Kg2 Nh7 18. Rac1 Bg5 19. Ng3 Re8 20. f4 exf4 21. Bxf4 Re5 22. Qf2 Bxf4 23. Qxf4 Nf6 24. a3 Kh8 25. Rc2 b5 26. Rcf2 Qe7 27. Qd2 Kh7 28. Qc3 Rc8 29. Qd4 Rc7 30. Nf5 Bxf5 31. Rxf5 a6 32. Rxe5 Qxe5 33. Qxe5 dxe5 34. a4 bxa4 35. Bxa6 Rc2+ 36. Rf2 Rxf2+ 37. Kxf2 a3 38. Bc4 Nxe4+ 39. Ke3 Nd6 40. Bb3 g6 41. Kd3 f5 0-1

[Event "EU-ch 23rd"]
[Site "Vrnjacka Banja"]
[Date "2023.03.09"]
[Round "7"]
[White "Maurizzi, Marc Andria"]
[Black "Antic, Dejan"]
[Result "1-0"]
[WhiteElo "2535"]
[BlackElo "2388"]
[PlyCount "83"]
[EventDate "2023.03.03"]
[EventType "swiss"]
[EventRounds "11"]
[EventCountry "SRB"]
[SourceTitle "CBM 213"]
[Source "ChessBase"]
[SourceDate "2023.04.30"]
[SourceVersion "1"]
[SourceVersionDate "2023.04.30"]
[SourceQuality "1"]

1. d4 e6 2. Nf3 Nf6 3. c4 Bb4+ 4. Nbd2 b6 5. a3 Bxd2+ 6. Qxd2 Bb7 7. e3 0-0 8. b4 d6 9. Bb2 Nbd7 10. Be2 Qe7 11. 0-0 Ne4 12. Qc2 f5 13. d5 e5 14. Nd2 Nxd2 15. Qxd2 Nf6 16. f4 Ne4 17. Qc2 exf4 18. Rxf4 c6 19. Rd1 cxd5 20. cxd5 Rac8 21. Qd3 Rc7 22. Rdf1 Bc8 23. Qd4 Nf6 24. Bd3 Re8 25. Bxf5 Bxf5 26. Rxf5 Qxe3+ 27. Qxe3 Rxe3 28. Bxf6 gxf6 29. Rxf6 Rxa3 30. Rxd6 Rc2 31. Rd8+ Kg7 32. Rd7+ Kg6 33. Re1 Raa2 34. Re6+ Kg5 35. h4+ Kg4 36. Rg7+ Kf4 37. d6 Rd2 38. d7 Ra1+ 39. Kh2 Rad1 40. Rf7+ Kg4 41. Re4+ Kh5 42. Rg7 1-0

[Event "EU-ch 23rd"]
[Site "Vrnjacka Banja"]
[Date "2023.03.08"]
[Round "6"]
[White "Antic, Dejan"]
[Black "Sherman, Reem"]
[Result "1-0"]
[WhiteElo "2388"]
[BlackElo "2126"]
[PlyCount "129"]
[EventDate "2023.03.03"]
[EventType "swiss"]
[EventRounds "11"]
[EventCountry "SRB"]
[SourceTitle "CBM 213"]
[Source "ChessBase"]
[SourceDate "2023.04.30"]
[SourceVersion "1"]
[SourceVersionDate "2023.04.30"]
[SourceQuality "1"]

1. Nf3 Nf6 2. c4 g6 3. g3 Bg7 4. Bg2 0-0 5. 0-0 d6 6. Nc3 c5 7. a3 Nc6 8. Rb1 a5 9. d3 Bg4 10. h3 Bxf3 11. Bxf3 Qd7 12. Bg2 Rab8 13. Bd2 Ne8 14. Qa4 Nc7 15. Nd5 b5 16. cxb5 Nxb5 17. Nc3 Nba7 18. Rfc1 Rfd8 19. e3 Ne5 20. Qc2 Rdc8 21. f4 Nec6 22. Qd1 e6 23. Kh2 Ne7 24. g4 d5 25. Na4 Qb5 26. Bf1 d4 27. e4 Rc6 28. b3 g5 29. fxg5 Ng6 30. Kh1 Be5 31. Qf3 Rf8 32. Nb2 f6 33. gxf6 Rxf6 34. Qd1 Rc8 35. Nc4 Rcf8 36. Bg2 Qb8 37. g5 Rf2 38. Qg4 Bf4 39. Be1 Bxc1 40. Bxf2 Rxf2 41. Rxc1 Kg7 42. Kg1 Qf8 43. Rf1 Rxf1+ 44. Bxf1 Qf7 45. Nxa5 Ne5 46. Qg3 Ng6 47. h4 Nb5 48. Nc4 Nc3 49. h5 Nf4 50. h6+ Kg8 51. Qg4 Ng6 52. a4 Kf8 53. Nd6 Qd7 54. Qf3+ Ke7 55. Nc4 Qc7 56. Qf6+ Kd7 57. Qf7+ Ne7 58. e5 Nd1 59. Nd6 Qb8 60. Bh3 Qb4 61. Qxe6+ Kc6 62. Bg2+ Kb6 63. Nc4+ Ka7 64. Qxe7+ Kb8 65. Qd8+ 1-0

[Event "EU-ch 23rd"]
[Site "Vrnjacka Banja"]
[Date "2023.03.05"]
[Round "3"]
[White "Lobanov, Sergei"]
[Black "Antic, Dejan"]
[Result "1/2-1/2"]
[WhiteElo "2545"]
[BlackElo "2388"]
[PlyCount "77"]
[EventDate "2023.03.03"]
[EventType "swiss"]
[EventRounds "11"]
[EventCountry "SRB"]
[SourceTitle "CBM 213"]
[Source "ChessBase"]
[SourceDate "2023.04.30"]
[SourceVersion "1"]
[SourceVersionDate "2023.04.30"]
[SourceQuality "1"]

1. d4 e6 2. c4 Nf6 3. Nc3 Bb4 4. e3 b6 5. Bd2 Bb7 6. a3 Bxc3 7. Bxc3 Ne4 8. Qc2 0-0 9. Ne2 f5 10. Nf4 g5 11. Nh5 Qe8 12. Be2 d6 13. d5 e5 14. g4 Nxf2 15. Rf1 Nxg4 16. Bxg4 fxg4 17. Nf6+ Rxf6 18. Rxf6 Nd7 19. Rf2 Qg6 20. Qxg6+ hxg6 21. 0-0-0 Rf8 22. Rxf8+ Kxf8 23. b4 Nf6 24. a4 Ke7 25. Kb2 Bc8 26. Kb3 Bf5 27. a5 Be4 28. b5 Bf3 29. Ra1 Ne4 30. Be1 Nc5+ 31. Kc3 Ne4+ 32. Kb4 Nc5 33. Bg3 Be4 34. Ra2 Nd3+ 35. Kc3 Nc5 36. axb6 axb6 37. Ra7 Kd7 38. Ra8 Bf5 39. Ra2 1/2-1/2

[Event "SRB-ch sf"]
[Site "Novi Banovci"]
[Date "2023.02.10"]
[Round "6"]
[White "Antic, Dejan"]
[Black "Sredojevic, Ivan"]
[Result "0-1"]
[WhiteElo "2410"]
[BlackElo "2251"]
[PlyCount "74"]
[EventDate "2023.02.06"]
[EventType "swiss"]
[EventRounds "9"]
[EventCountry "SRB"]
[SourceTitle "CBM 212 Extra"]
[Source "ChessBase"]
[SourceDate "2023.03.31"]
[SourceVersion "1"]
[SourceVersionDate "2023.03.31"]
[SourceQuality "1"]

1. d4 Nf6 2. c4 e6 3. Nf3 d5 4. g3 Bb4+ 5. Bd2 Be7 6. Bg2 c6 7. Qc2 0-0 8. 0-0 b6 9. Rd1 Ba6 10. b3 Nbd7 11. a4 Ne4 12. Ne5 Nxe5 13. Bxe4 Ng6 14. Bf3 dxc4 15. bxc4 Qxd4 16. Bc3 Qc5 17. Qb2 Bf6 18. Bxf6 gxf6 19. Nd2 f5 20. h4 Ne5 21. Nb3 Nxf3+ 22. exf3 Qe7 23. Nd4 Qf6 24. Qc2 Rfd8 25. Ne2 c5 26. a5 Bb7 27. Qb3 Rxd1+ 28. Rxd1 Rd8 29. axb6 axb6 30. Rb1 e5 31. Qe3 f4 32. gxf4 Qg6+ 33. Kh2 Qxb1 34. Qxe5 Qg6 35. Ng3 Bxf3 36. Qe7 Ra8 37. f5 Qg4 0-1

[Event "SRB-ch sf"]
[Site "Novi Banovci"]
[Date "2023.02.09"]
[Round "5"]
[White "Martic, Ivan"]
[Black "Antic, Dejan"]
[Result "1-0"]
[WhiteElo "2270"]
[BlackElo "2410"]
[PlyCount "58"]
[EventDate "2023.02.06"]
[EventType "swiss"]
[EventRounds "9"]
[EventCountry "SRB"]
[SourceTitle "CBM 212 Extra"]
[Source "ChessBase"]
[SourceDate "2023.03.31"]
[SourceVersion "1"]
[SourceVersionDate "2023.03.31"]
[SourceQuality "1"]

1. e4 e5 2. Nf3 Nf6 3. d4 Nxe4 4. Bd3 d5 5. Nxe5 Nd7 6. 0-0 Nxe5 7. dxe5 Nc5 8. Be2 h5 9. Nd2 Bf5 10. Nb3 Nxb3 11. axb3 Bc5 12. Bd3 Bg4 13. Qe1 Qe7 14. Be3 a6 15. Bxc5 Qxc5 16. Ra5 Qd4 17. Qd2 Kf8 18. Re1 Re8 19. c3 Qb6 20. Rxd5 Qxb3 21. Bc2 Qb6 22. Rd8 g6 23. h3 Bc8 24. Rxe8+ Kxe8 25. Rd1 Kf8 26. Qg5 Kg7 27. Qe7 h4 28. Rd4 Rh5 29. Rd8 c6 1-0

[Event "Wch Seniors 50 30th"]
[Site "Assisi"]
[Date "2022.11.18"]
[Round "4"]
[White "Arakhamia Grant, Ketevan"]
[Black "Antic, Dejan"]
[Result "1/2-1/2"]
[WhiteElo "2327"]
[BlackElo "2412"]
[PlyCount "67"]
[EventDate "2022.11.15"]
[EventType "swiss"]
[EventRounds "11"]
[EventCountry "ITA"]
[SourceTitle "CBM 211 Extra"]
[Source "ChessBase"]
[SourceDate "2023.01.31"]
[SourceVersion "1"]
[SourceVersionDate "2023.01.31"]
[SourceQuality "1"]

1. e4 e6 2. d4 d5 3. Nc3 Nf6 4. e5 Nfd7 5. f4 c5 6. Nf3 Nc6 7. Be3 cxd4 8. Nxd4 Bc5 9. Qd2 0-0 10. 0-0-0 a6 11. Nb3 b6 12. h4 Bb7 13. h5 Rc8 14. Rh3 Qe7 15. h6 Bxe3 16. Qxe3 g6 17. g4 Nc5 18. Nd4 b5 19. a3 Rfd8 20. Bg2 Na5 21. Kb1 Nc4 22. Qe1 Nd7 23. Na2 Ndb6 24. Bf1 Na4 25. Bxc4 dxc4 26. Nc3 Nc5 27. Qe3 Nd7 28. Rh2 b4 29. axb4 Qxb4 30. Rhd2 Rb8 31. Na2 Qe7 32. Kc1 Bd5 33. Ne2 Nb6 34. Qa3 1/2-1/2

[Event "Wch Seniors 50 30th"]
[Site "Assisi"]
[Date "2022.11.16"]
[Round "2"]
[White "Makropoulou, Marina"]
[Black "Antic, Dejan"]
[Result "1/2-1/2"]
[WhiteElo "2153"]
[BlackElo "2412"]
[PlyCount "31"]
[EventDate "2022.11.15"]
[EventType "swiss"]
[EventRounds "11"]
[EventCountry "ITA"]
[SourceTitle "CBM 211 Extra"]
[Source "ChessBase"]
[SourceDate "2023.01.31"]
[SourceVersion "1"]
[SourceVersionDate "2023.01.31"]
[SourceQuality "1"]

1. e4 e6 2. d4 d5 3. Nc3 Bb4 4. e5 c5 5. a3 Bxc3+ 6. bxc3 Qc7 7. Qg4 Ne7 8. Bd3 cxd4 9. Ne2 dxc3 10. Qxg7 Rg8 11. Qxh7 Qxe5 12. Bf4 Qf6 13. h4 Nbc6 14. Bg5 Qe5 15. Bf4 Qf6 16. Bg5 1/2-1/2

[Event "Belgrade-chT Quality"]
[Site "Belgrade"]
[Date "2022.10.10"]
[Round "9.3"]
[White "Kovacevic, Predrag"]
[Black "Antic, Dejan"]
[Result "1/2-1/2"]
[WhiteElo "2321"]
[BlackElo "2418"]
[PlyCount "52"]
[EventDate "2022.10.01"]
[EventType "team-tourn"]
[EventRounds "11"]
[EventCountry "SRB"]
[SourceTitle "EXT 2024"]
[Source "ChessBase"]
[SourceDate "2023.10.10"]
[SourceVersion "1"]
[SourceVersionDate "2023.10.10"]
[SourceQuality "1"]
[WhiteTeam "Belgrade Mladenovac"]
[BlackTeam "Belgrade Crvena Zvezda"]
[WhiteTeamCountry "SRB"]
[BlackTeamCountry "SRB"]

1. e4 e6 2. d3 d5 3. Qe2 Nf6 4. Nf3 c5 5. g3 Nc6 6. Bg2 Be7 7. 0-0 0-0 8. e5 Nd7 9. Re1 b5 10. h4 Bb7 11. h5 h6 12. Bf4 Qc7 13. Nbd2 Rfc8 14. g4 Qd8 15. c3 Nf8 16. Nf1 Rab8 17. Rad1 d4 18. Ng3 Nh7 19. Ne4 Ng5 20. Bxg5 hxg5 21. Qd2 dxc3 22. bxc3 b4 23. Nexg5 bxc3 24. Qf4 Bxg5 25. Nxg5 Rc7 26. h6 gxh6 1/2-1/2

[Event "Belgrade-chT Quality"]
[Site "Belgrade"]
[Date "2022.10.07"]
[Round "6.3"]
[White "Antic, Dejan"]
[Black "Lekic, Dusan"]
[Result "0-1"]
[WhiteElo "2418"]
[BlackElo "2320"]
[PlyCount "136"]
[EventDate "2022.10.01"]
[EventType "team-tourn"]
[EventRounds "11"]
[EventCountry "SRB"]
[SourceTitle "CBM 210 Extra"]
[Source "ChessBase"]
[SourceDate "2022.11.30"]
[SourceVersion "1"]
[SourceVersionDate "2022.11.30"]
[SourceQuality "1"]
[WhiteTeam "Belgrade Crvena Zvezda"]
[BlackTeam "Belgrade Partizan"]
[WhiteTeamCountry "SRB"]
[BlackTeamCountry "SRB"]

1. d4 d5 2. c4 c6 3. Nf3 Nf6 4. e3 Bf5 5. Nc3 e6 6. Nh4 Be4 7. f3 Bg6 8. Qb3 Qc7 9. Bd2 Be7 10. g3 0-0 11. Nxg6 hxg6 12. Rc1 dxc4 13. Qxc4 Nbd7 14. Bd3 a6 15. Ne4 c5 16. Nxf6+ Bxf6 17. 0-0 Rac8 18. Be4 Qb8 19. Qa4 Rfd8 20. Ba5 b6 21. Bc3 cxd4 22. exd4 Qa7 23. Bd3 Nc5 24. dxc5 Rxd3 25. Bxf6 gxf6 26. Qe4 Rd5 27. b4 bxc5 28. Qe3 Rc7 29. Rc4 cxb4 30. Qxa7 Rxa7 31. Rxb4 Rd2 32. Rf2 Rad7 33. Rxd2 Rxd2 34. Ra4 Rd6 35. Kf2 f5 36. Ke3 Kg7 37. Ra5 g5 38. Rc5 Rb6 39. Ra5 f6 40. h4 f4+ 41. gxf4 gxh4 42. Rh5 Rb2 43. f5 exf5 44. Rxh4 Rxa2 45. Rb4 a5 46. Rb8 Ra4 47. Ra8 f4+ 48. Kd3 Kg6 49. Ke2 Kf5 50. Ra6 Ra2+ 51. Kd3 Ra3+ 52. Ke2 Re3+ 53. Kf2 Re5 54. Kg2 Rc5 55. Kh3 Ke5 56. Kg4 f5+ 57. Kg5 Kd4 58. Kxf4 Kc4 59. Ke3 Kb4 60. Kd4 Rc4+ 61. Ke5 Rc5+ 62. Kd4 Rb5 63. Kd3 Kb3 64. Kd2 a4 65. Kc1 Rb4 66. Re6 Rc4+ 67. Kd2 a3 68. Re3+ Kb2 0-1

[Event "Belgrade-chT Quality"]
[Site "Belgrade"]
[Date "2022.10.02"]
[Round "2.3"]
[White "Antic, Dejan"]
[Black "Tasev, Dejan"]
[Result "1-0"]
[WhiteElo "2418"]
[BlackElo "2188"]
[PlyCount "65"]
[EventDate "2022.10.01"]
[EventType "team-tourn"]
[EventRounds "11"]
[EventCountry "SRB"]
[SourceTitle "CBM 210 Extra"]
[Source "ChessBase"]
[SourceDate "2022.11.30"]
[SourceVersion "1"]
[SourceVersionDate "2022.11.30"]
[SourceQuality "1"]
[WhiteTeam "Belgrade Crvena Zvezda"]
[BlackTeam "Belgrade Turbina"]
[WhiteTeamCountry "SRB"]
[BlackTeamCountry "SRB"]

1. d4 Nf6 2. Nf3 e6 3. c4 d5 4. g3 Be7 5. Bg2 0-0 6. 0-0 dxc4 7. Qc2 a6 8. a4 Nc6 9. Qxc4 Nb4 10. Qb3 a5 11. Nc3 c6 12. Rd1 b6 13. Ne5 Bb7 14. Bf4 Rc8 15. e4 Ba6 16. Rd2 Nh5 17. Be3 Qc7 18. Qd1 Nf6 19. Bf4 Qa7 20. b3 Rfd8 21. Qf3 c5 22. d5 exd5 23. exd5 Bb7 24. Rad1 Qa8 25. Nc4 Qa6 26. Qe2 Bf8 27. Bg5 Re8 28. Qf1 Nd7 29. Bh3 h6 30. Bxh6 b5 31. axb5 Qxh6 32. Bxd7 Red8 33. Bc6 1-0

[Event "La Palma Island op"]
[Site "Santa Cruz de La Palma"]
[Date "2022.08.11"]
[Round "8"]
[White "Antic, Dejan"]
[Black "Amador Garcia, Ismael"]
[Result "1/2-1/2"]
[WhiteElo "2452"]
[BlackElo "2128"]
[PlyCount "102"]
[EventDate "2022.08.06"]
[EventType "swiss"]
[EventRounds "9"]
[EventCountry "ESP"]
[SourceTitle "CBM 209 Extra"]
[Source "ChessBase"]
[SourceDate "2022.09.30"]
[SourceVersion "1"]
[SourceVersionDate "2022.09.30"]
[SourceQuality "1"]

1. d4 Nf6 2. Nf3 e6 3. c4 d5 4. Nc3 c6 5. e3 Nbd7 6. Qc2 Be7 7. b3 0-0 8. Be2 b6 9. 0-0 Bb7 10. Bb2 Rc8 11. Rad1 c5 12. cxd5 exd5 13. Qb1 Re8 14. Rfe1 cxd4 15. Nxd4 Bb4 16. Qa1 Ne5 17. a3 Bxc3 18. Bxc3 Ne4 19. Bb2 Qh4 20. Rf1 Nc5 21. b4 Na4 22. Nf3 Nxf3+ 23. Bxf3 Nxb2 24. Qxb2 h6 25. Bxd5 Bxd5 26. Rxd5 Qc4 27. Rd7 Red8 28. Rxa7 Rd5 29. h3 h5 30. Re7 Rcd8 31. Qc1 Qe2 32. Qe1 Qb2 33. Qb1 Qxa3 34. Qe4 g6 35. Qf4 Rf8 36. Qc4 Qa8 37. e4 Rd2 38. Qb5 Qd8 39. Rb7 Rd1 40. Rxd1 Qxd1+ 41. Kh2 Qd6+ 42. e5 Qd4 43. Qxb6 Qxe5+ 44. g3 h4 45. Qe3 Qxe3 46. fxe3 Re8 47. gxh4 Rxe3 48. Rc7 Rb3 49. Rc4 Kg7 50. Kg2 Kf6 51. Kf2 Ke5 1/2-1/2

[Event "La Palma Island op"]
[Site "Santa Cruz de La Palma"]
[Date "2022.08.10"]
[Round "7"]
[White "Ramirez Maillo, Cristian"]
[Black "Antic, Dejan"]
[Result "0-1"]
[WhiteElo "1896"]
[BlackElo "2452"]
[PlyCount "68"]
[EventDate "2022.08.06"]
[EventType "swiss"]
[EventRounds "9"]
[EventCountry "ESP"]
[SourceTitle "CBM 209 Extra"]
[Source "ChessBase"]
[SourceDate "2022.09.30"]
[SourceVersion "1"]
[SourceVersionDate "2022.09.30"]
[SourceQuality "1"]

1. e4 e6 2. d4 d5 3. e5 c5 4. c3 Nc6 5. Nf3 Qb6 6. a3 Nh6 7. b4 cxd4 8. cxd4 Nf5 9. Bb2 Bd7 10. g4 Nfe7 11. Nc3 Ng6 12. h4 h5 13. g5 Qd8 14. Rc1 a6 15. Bd3 Nce7 16. Qd2 Nf5 17. Rh3 Rc8 18. b5 axb5 19. Nxb5 Be7 20. Rxc8 Bxc8 21. Bc3 0-0 22. Bb4 Bxb4 23. axb4 Qb6 24. Bxf5 exf5 25. Nd6 f4 26. Rh1 Bg4 27. Ng1 Ra8 28. f3 Bxf3 29. Nxf3 Ra1+ 30. Kf2 Rxh1 31. Kg2 Ra1 32. Qc3 Ra2+ 33. Kh3 Qd8 34. Qb3 Qd7+ 0-1

[Event "La Palma Island op"]
[Site "Santa Cruz de La Palma"]
[Date "2022.08.07"]
[Round "3"]
[White "Antic, Dejan"]
[Black "Chitsazian, Daniel"]
[Result "1-0"]
[WhiteElo "2452"]
[BlackElo "1755"]
[PlyCount "95"]
[EventDate "2022.08.06"]
[EventType "swiss"]
[EventRounds "9"]
[EventCountry "ESP"]
[SourceTitle "CBM 209 Extra"]
[Source "ChessBase"]
[SourceDate "2022.09.30"]
[SourceVersion "1"]
[SourceVersionDate "2022.09.30"]
[SourceQuality "1"]

1. Nf3 d5 2. e3 Nf6 3. c4 e6 4. b3 c5 5. Bb2 Nc6 6. cxd5 Nxd5 7. Nc3 Nxc3 8. Bxc3 Qc7 9. Rc1 b6 10. d4 cxd4 11. Nxd4 Bb7 12. Bb5 Ba3 13. Rc2 0-0 14. Nxc6 Bxc6 15. Qg4 e5 16. Ba1 Bc5 17. Bxc6 Qxc6 18. 0-0 Rfe8 19. b4 Qa4 20. Rc4 Bd6 21. f4 Qxa2 22. Rc6 Qd5 23. b5 a6 24. Rd1 Qe4 25. Rcxd6 Qxe3+ 26. Kf1 f5 27. Qg3 Qxf4+ 28. Qxf4 exf4 29. Rd7 axb5 30. Rxg7+ Kf8 31. Rxh7 Ra2 32. Bf6 Ree2 33. Rd8+ Re8 34. Rh8+ Kf7 35. Rhxe8 Kxf6 36. Rd6+ Kg5 37. Rg8+ Kh5 38. Rxb6 Rb2 39. Rf6 b4 40. Rxf5+ Kh6 41. Rxf4 Rb1+ 42. Kf2 Rb2+ 43. Ke3 Rb3+ 44. Kd4 Kh7 45. Rg3 Rxg3 46. hxg3 b3 47. Kc3 b2 48. Kxb2 1-0

[Event "La Palma Island op"]
[Site "Santa Cruz de La Palma"]
[Date "2022.08.06"]
[Round "1"]
[White "Antic, Dejan"]
[Black "Camps Abadia, Arnau"]
[Result "1-0"]
[WhiteElo "2452"]
[BlackElo "1790"]
[PlyCount "79"]
[EventDate "2022.08.06"]
[EventType "swiss"]
[EventRounds "9"]
[EventCountry "ESP"]
[SourceTitle "CBM 209 Extra"]
[Source "ChessBase"]
[SourceDate "2022.09.30"]
[SourceVersion "1"]
[SourceVersionDate "2022.09.30"]
[SourceQuality "1"]

1. d4 e6 2. c4 f5 3. g3 Nf6 4. Bg2 g6 5. Nc3 Bg7 6. Nf3 0-0 7. 0-0 d6 8. b3 Nc6 9. Bb2 Ne4 10. Rc1 Nxc3 11. Bxc3 e5 12. dxe5 dxe5 13. Qd5+ Kh8 14. Qxd8 Rxd8 15. Ng5 Rf8 16. Bxc6 bxc6 17. Rfd1 a5 18. f4 e4 19. Nf7+ Kg8 20. Nd8 Bxc3 21. Rxc3 Bd7 22. Nb7 Be6 23. Kf2 Kf7 24. Nc5 Rfd8 25. Rcc1 Rab8 26. Ke3 Rd6 27. Rd4 Ke7 28. Rcd1 Rb6 29. g4 Rb8 30. gxf5 gxf5 31. Rg1 Rf8 32. Nb7 Rxd4 33. Kxd4 Kf6 34. Kc5 Bc8 35. Nxa5 Rd8 36. Nxc6 Rd2 37. Nd4 Rxa2 38. Rg8 Be6 39. Rf8+ Kg7 40. Nxe6+ 1-0

[Event "Paleochora op 15th"]
[Site "Paleochora"]
[Date "2022.07.24"]
[Round "9"]
[White "Ayza Leon, David"]
[Black "Antic, Dejan"]
[Result "0-1"]
[WhiteElo "2278"]
[BlackElo "2452"]
[PlyCount "132"]
[EventDate "2022.07.17"]
[EventType "swiss"]
[EventRounds "9"]
[EventCountry "GRE"]
[SourceTitle "CBM 209 Extra"]
[Source "ChessBase"]
[SourceDate "2022.09.30"]
[SourceVersion "1"]
[SourceVersionDate "2022.09.30"]
[SourceQuality "1"]

1. e4 e6 2. d4 d5 3. e5 c5 4. c3 Nc6 5. Nf3 Qb6 6. a3 Nh6 7. b4 cxd4 8. cxd4 Nf5 9. Be3 Bd7 10. Nc3 Nxe3 11. fxe3 Nxb4 12. axb4 Bxb4 13. Qb3 Rc8 14. Rc1 Qa5 15. Kf2 Bxc3 16. Qxb7 Ke7 17. Rb1 Rb8 18. Qxb8 Rxb8 19. Rxb8 Qc7 20. Rb1 a5 21. Bd3 a4 22. Rhc1 a3 23. Rb3 Qa5 24. Rcxc3 a2 25. Rc1 a1Q 26. Rxa1 Qxa1 27. Be2 Qa2 28. Rb8 f6 29. h4 Be8 30. Rb7+ Kf8 31. Kf1 Qa8 32. Rb6 Ke7 33. Kf2 Qa7 34. Rb2 Bg6 35. Bf1 Kf7 36. Be2 Qc7 37. Bf1 Be4 38. exf6 gxf6 39. Be2 Kg7 40. Ra2 h6 41. Rb2 e5 42. dxe5 fxe5 43. Rb4 Qe7 44. Ra4 Bxf3 45. gxf3 e4 46. fxe4 Qxh4+ 47. Kg2 dxe4 48. Ra7+ Kf6 49. Ra6+ Ke5 50. Ra1 Kd6 51. Rh1 Qg5+ 52. Kf2 Qf6+ 53. Kg2 Kc5 54. Rc1+ Kd5 55. Rd1+ Kc5 56. Rc1+ Kb6 57. Rb1+ Ka5 58. Rb5+ Ka4 59. Rh5 Kb3 60. Rh3 Kc3 61. Bh5 Kd2 62. Rg3 Ke1 63. Kh3 Kf2 64. Rg4 Qa1 65. Rg3 Qh1+ 66. Kg4 Qxh5+ 0-1

[Event "Belgrade Trophy 35th"]
[Site "Belgrade"]
[Date "2021.11.29"]
[Round "6"]
[White "Petrovic, Petar"]
[Black "Antic, Dejan"]
[Result "0-1"]
[WhiteElo "1927"]
[BlackElo "2475"]
[PlyCount "48"]
[EventDate "2021.11.24"]
[EventType "swiss"]
[EventRounds "9"]
[EventCountry "SRB"]
[SourceTitle "CBM 205 Extra"]
[Source "ChessBase"]
[SourceDate "2022.01.31"]
[SourceVersion "1"]
[SourceVersionDate "2022.01.31"]
[SourceQuality "1"]

1. e4 c5 2. Nf3 Nc6 3. Nc3 e6 4. g3 g5 5. h3 Bg7 6. Bg2 h6 7. 0-0 Nge7 8. Re1 d6 9. b3 b6 10. Bb2 Bb7 11. Na4 e5 12. c4 Ng6 13. Nc3 0-0 14. Nd5 Qd7 15. Nh2 f5 16. Qh5 Nge7 17. Nxe7+ Nxe7 18. exf5 Bxg2 19. Kxg2 Rxf5 20. Ng4 Raf8 21. Re2 Qe6 22. Rae1 Kh7 23. Ne3 Rf3 24. Qg4 Qg6 0-1

[Event "Belgrade Trophy 35th"]
[Site "Belgrade"]
[Date "2021.11.25"]
[Round "2"]
[White "Novakovic, Marko"]
[Black "Antic, Dejan"]
[Result "0-1"]
[WhiteElo "2097"]
[BlackElo "2475"]
[PlyCount "82"]
[EventDate "2021.11.24"]
[EventType "swiss"]
[EventRounds "9"]
[EventCountry "SRB"]
[SourceTitle "CBM 205 Extra"]
[Source "ChessBase"]
[SourceDate "2022.01.31"]
[SourceVersion "1"]
[SourceVersionDate "2022.01.31"]
[SourceQuality "1"]

1. d4 e6 2. c4 Nf6 3. Nf3 d5 4. Nc3 Nbd7 5. Bg5 h6 6. Bh4 c6 7. e3 g5 8. Bg3 Nh5 9. Be2 Nxg3 10. hxg3 Bg7 11. Qc2 g4 12. Nd2 Qg5 13. 0-0-0 0-0 14. Nf1 e5 15. f4 gxf3 16. gxf3 exd4 17. f4 Qe7 18. exd4 Nf6 19. cxd5 cxd5 20. Bf3 Bd7 21. Kb1 Rac8 22. Rh2 b5 23. Re2 Qd6 24. Qb3 b4 25. Nxd5 Bf5+ 26. Ka1 Nxd5 27. Qxd5 Qxd5 28. Bxd5 Bg4 29. Red2 Bxd1 30. Rxd1 Bxd4 31. Kb1 Bg7 32. Ne3 Rfe8 33. Nf5 Rcd8 34. Rd2 a5 35. Kc2 a4 36. g4 Kf8 37. Kd1 Bxb2 38. Nxh6 Bc3 39. Rd3 Re1+ 40. Kc2 Re2+ 41. Kd1 Rxa2 0-1